00889nam a2200241 a 450000100100000000500170001000800410002704000250006808200190009310000350011224500850014726000450023230000210027759000260029850400280032465000210035265000410037365000360041465000320045065000310048295201170051399900170063000004750420250716114918.0130709s1978 dr a 000 0 spa d aDO-SdBNPbspacBNPHU a910. 98bV768m1 aVincent Cepeda, Rosa A.93586810aManual de geografía general y especial de América /cRosa A. Vincent Cepeda. aSanto Domingo :bAmigo del Hogar,c1978. a230 p. ;c24 cm. aInventariado, 2018/VM aBibliografía : p. 231 0aGeografía9864 4aGeografíazAmética Latina975127 0aGeografía económica 927275 4aGeografía física912582 0aGeografía humana 925520 0010718PDaPDbPDcHDd2018-06-12iLF1l0o910. 98 V768mp47504-10r2020-06-25w2020-06-25yLFPDZNo se presta c46992d46992